[Event "Cheliabinsk City-ch"]
[Site "Cheliabinsk"]
[Date "2008.01.22"]
[Round "7"]
[White "Trotsenko, Dmitriy M"]
[Black "Kosov, Viacheslav"]
[Result "1/2-1/2"]
[WhiteElo "2273"]
[BlackElo "2108"]
[PlyCount "84"]
[EventDate "2008.01.10"]
[EventType "tourn"]
[EventRounds "9"]
[EventCountry "RUS"]
[SourceTitle "EXT 2009"]
[Source "ChessBase"]
[SourceDate "2008.11.26"]
[SourceVersion "1"]
[SourceVersionDate "2008.11.26"]
[SourceQuality "1"]

1. d4 d5 2. c4 c6 3. Nc3 Nf6 4. Nf3 e6 5. Bg5 Nbd7 6. e3 Be7 7. a3 0-0 8. Rc1 Re8 9. Bd3 dxc4 10. Bxc4 Nd5 11. Bxe7 Qxe7 12. Ne4 N5f6 13. Ng3 b6 14. Bb3 Bb7 15. Ba4 Rac8 16. 0-0 Red8 17. Qe2 c5 18. Rfd1 c4 19. Bb5 c3 20. bxc3 Qxa3 21. Ra1 Qxc3 22. Rxa7 Bd5 23. e4 Bc4 24. Bxc4 Rxc4 25. e5 Nd5 26. Ne4 Qc2 27. Qxc2 Rxc2 28. Rda1 h6 29. Nd6 f6 30. h4 fxe5 31. dxe5 Nf4 32. Rb7 Rc1+ 33. Rxc1 Ne2+ 34. Kh2 Nxc1 35. Nc4 Nd3 36. Kg3 N7c5 37. Rxb6 Ne4+ 38. Kh2 Ndxf2 39. Nd6 Ng4+ 40. Kh3 Ngf2+ 41. Kh2 Ng4+ 42. Kh3 Ngf2+ 1/2-1/2

[Event "Cheliabinsk City-ch"]
[Site "Cheliabinsk"]
[Date "2008.01.11"]
[Round "2"]
[White "Trotsenko, Dmitriy M"]
[Black "Nikolenko, Vadim"]
[Result "1/2-1/2"]
[WhiteElo "2273"]
[BlackElo "2232"]
[PlyCount "61"]
[EventDate "2008.01.10"]
[EventType "tourn"]
[EventRounds "9"]
[EventCountry "RUS"]
[SourceTitle "EXT 2009"]
[Source "ChessBase"]
[SourceDate "2008.11.26"]
[SourceVersion "1"]
[SourceVersionDate "2008.11.26"]
[SourceQuality "1"]

1. d4 f5 2. g3 Nf6 3. Bg2 e6 4. c4 Be7 5. Nf3 0-0 6. 0-0 d5 7. b3 Ne4 8. Ne5 Nd7 9. Nd3 Bf6 10. Nf4 Nb6 11. c5 Nxc5 12. dxc5 Bxa1 13. cxb6 axb6 14. a4 c6 15. Ba3 Rf7 16. Nd2 Bf6 17. Nh5 Be7 18. Bb2 g6 19. Nf4 Bf6 20. Qa1 Bxb2 21. Qxb2 Qf6 22. Qxf6 Rxf6 23. Nf3 Ra5 24. Nd3 b5 25. axb5 Rxb5 26. b4 Rb6 27. Ra1 Rf8 28. Nfe5 Rd8 29. f4 Kf8 30. Kf1 Ke7 31. Kf2 1/2-1/2

[Event "Cheliabinsk Postovalov Memorial 2nd"]
[Site "Cheliabinsk"]
[Date "2008.01.06"]
[Round "5"]
[White "Baraeva, Irina"]
[Black "Trotsenko, Dmitriy M"]
[Result "1-0"]
[WhiteElo "1988"]
[BlackElo "2273"]
[PlyCount "43"]
[EventDate "2008.01.02"]
[EventType "swiss"]
[EventRounds "9"]
[EventCountry "RUS"]
[SourceTitle "CBM 122 Extra"]
[Source "ChessBase"]
[SourceDate "2008.03.04"]
[SourceVersion "1"]
[SourceVersionDate "2008.03.04"]
[SourceQuality "1"]

1. c4 Nf6 2. Nc3 c5 3. g3 e6 4. Bg2 d5 5. cxd5 exd5 6. d4 cxd4 7. Qxd4 Nc6 8. Qd1 Bb4 9. Bd2 0-0 10. Nf3 Bg4 11. e3 Qd7 12. 0-0 Bh3 13. a3 Bxc3 14. Bxc3 Ne4 15. Bxh3 Qxh3 16. Qxd5 Nxc3 17. bxc3 Rad8 18. Qc5 Rfe8 19. Rfd1 Rxd1+ 20. Rxd1 Qg4 21. Kg2 Ne5 22. Qxe5 1-0

[Event "Cheliabinsk-ch sf"]
[Site "Cheliabinsk"]
[Date "2007.12.27"]
[Round "9"]
[White "Korostelev, Stanislav"]
[Black "Trotsenko, Dmitriy M"]
[Result "0-1"]
[WhiteElo "2184"]
[BlackElo "2273"]
[PlyCount "64"]
[EventDate "2007.12.03"]
[EventType "swiss"]
[EventRounds "9"]
[EventCountry "RUS"]
[SourceTitle "EXT 2022"]
[Source "ChessBase"]
[SourceDate "2021.10.06"]
[SourceVersion "1"]
[SourceVersionDate "2021.10.06"]
[SourceQuality "1"]

1. e4 c5 2. Nf3 d6 3. d4 cxd4 4. Nxd4 Nf6 5. Nc3 a6 6. Bd3 e5 7. Nde2 b5 8. Bg5 Be7 9. a4 bxa4 10. Rxa4 Nbd7 11. 0-0 0-0 12. Ng3 Nc5 13. Ra1 Rb8 14. Bxf6 Bxf6 15. b3 g6 16. Bc4 Bg7 17. Nd5 Bb7 18. Qe2 h5 19. h3 h4 20. Nh1 a5 21. f3 Ne6 22. Nf2 Bxd5 23. Bxd5 Nf4 24. Qe1 Qg5 25. Ng4 Nxd5 26. exd5 f5 27. Ne3 e4 28. f4 Qg3 29. Ra4 Rb5 30. Qe2 Rc5 31. Kh1 g5 32. fxg5 Be5 0-1

[Event "Cheliabinsk-ch sf"]
[Site "Cheliabinsk"]
[Date "2007.12.11"]
[Round "3"]
[White "Trotsenko, Dmitriy M"]
[Black "Kosov, Viacheslav"]
[Result "1-0"]
[WhiteElo "2273"]
[BlackElo "2108"]
[PlyCount "85"]
[EventDate "2007.12.03"]
[EventType "swiss"]
[EventRounds "9"]
[EventCountry "RUS"]
[SourceTitle "EXT 2022"]
[Source "ChessBase"]
[SourceDate "2021.10.06"]
[SourceVersion "1"]
[SourceVersionDate "2021.10.06"]
[SourceQuality "1"]

1. d4 d5 2. c4 c6 3. Nc3 Nf6 4. Nf3 e6 5. Bg5 Nbd7 6. e3 Qa5 7. cxd5 Nxd5 8. Qd2 Bb4 9. Rc1 Nxc3 10. bxc3 Ba3 11. Rb1 0-0 12. c4 Qxd2+ 13. Nxd2 f6 14. Bh4 c5 15. d5 Nb6 16. Bg3 e5 17. e4 Bb4 18. f3 Na4 19. a3 Ba5 20. Bd3 b6 21. Bc2 Bd7 22. Bxa4 Bxa4 23. Ke2 Bxd2 24. Kxd2 g5 25. h4 h6 26. Bf2 Kg7 27. Be3 Rad8 28. g3 Rh8 29. Kd3 Kf7 30. Rh2 Kg6 31. Bd2 Rh7 32. Bc3 Rdd7 33. f4 gxf4 34. gxf4 exf4 35. Rf2 Rhg7 36. Rxf4 Kh5 37. Rf5+ Kg4 38. Bxf6 Rgf7 39. Rg1+ Kh3 40. e5 Rb7 41. e6 Rf8 42. Rf3+ Kh2 43. Rg6 1-0

[Event "Cheliabinsk-ch sf"]
[Site "Cheliabinsk"]
[Date "2007.12.03"]
[Round "1"]
[White "Trotsenko, Dmitriy M"]
[Black "Gryaznev, Alexander"]
[Result "1-0"]
[WhiteElo "2273"]
[BlackElo "1985"]
[PlyCount "59"]
[EventDate "2007.12.03"]
[EventType "swiss"]
[EventRounds "9"]
[EventCountry "RUS"]
[SourceTitle "EXT 2022"]
[Source "ChessBase"]
[SourceDate "2021.10.06"]
[SourceVersion "1"]
[SourceVersionDate "2021.10.06"]
[SourceQuality "1"]

1. d4 Nf6 2. c4 g6 3. Nc3 Bg7 4. e4 d6 5. Nf3 0-0 6. Be2 c5 7. 0-0 b6 8. Re1 cxd4 9. Nxd4 Bb7 10. Bg5 Nbd7 11. Bf3 Ne5 12. Nd5 Rc8 13. Bxf6 exf6 14. b3 Bxd5 15. exd5 f5 16. Be2 Qf6 17. Rc1 f4 18. Bf1 f3 19. g3 h5 20. h4 a5 21. Re4 g5 22. hxg5 Qxg5 23. Rf4 Ng6 24. Nxf3 Qe7 25. Rf5 h4 26. Ng5 Bf6 27. Qh5 Bxg5 28. Rxg5 hxg3 29. Bd3 Qf6 30. Bxg6 1-0

[Event "Cheliabinsk Kibizov Memorial 2nd"]
[Site "Cheliabinsk"]
[Date "2007.07.05"]
[Round "5"]
[White "Lefebr, Vladislav"]
[Black "Trotsenko, Dmitriy M"]
[Result "0-1"]
[WhiteElo "1997"]
[BlackElo "2269"]
[PlyCount "80"]
[EventDate "2007.07.01"]
[EventType "swiss"]
[EventRounds "9"]
[EventCountry "RUS"]
[SourceTitle "EXT 2022"]
[Source "ChessBase"]
[SourceDate "2021.10.06"]
[SourceVersion "1"]
[SourceVersionDate "2021.10.06"]
[SourceQuality "1"]

1. e4 c5 2. c3 Nf6 3. e5 Nd5 4. d4 cxd4 5. Nf3 Nc6 6. cxd4 d6 7. Bc4 dxe5 8. Nxe5 e6 9. 0-0 Be7 10. Nc3 Nxc3 11. bxc3 Nxe5 12. dxe5 Qxd1 13. Rxd1 Bd7 14. Rb1 Bc6 15. Bb5 Bxb5 16. Rxb5 b6 17. a4 Rd8 18. Rxd8+ Kxd8 19. Be3 Kc7 20. a5 Rb8 21. axb6+ axb6 22. Kf1 Kc6 23. c4 Bd8 24. Ke2 Bc7 25. f4 Ra8 26. Rb4 Ra2+ 27. Kf3 f6 28. h3 f5 29. g4 g6 30. Kg3 Bd8 31. Kf3 h5 32. g5 Ra6 33. Rb3 Ra4 34. Rc3 Be7 35. Ke2 Bc5 36. Kd3 Bxe3 37. Kxe3 Kc5 38. Kd3 Rb4 39. Rc2 h4 40. Rc3 Rb2 0-1

[Event "Cheliabinsk Kibizov Memorial 2nd"]
[Site "Cheliabinsk"]
[Date "2007.07.02"]
[Round "2"]
[White "Nikolaev, Evgeny"]
[Black "Trotsenko, Dmitriy M"]
[Result "1-0"]
[WhiteElo "2278"]
[BlackElo "2269"]
[PlyCount "41"]
[EventDate "2007.07.01"]
[EventType "swiss"]
[EventRounds "9"]
[EventCountry "RUS"]
[SourceTitle "EXT 2022"]
[Source "ChessBase"]
[SourceDate "2021.10.06"]
[SourceVersion "1"]
[SourceVersionDate "2021.10.06"]
[SourceQuality "1"]

1. e4 c5 2. Nf3 d6 3. d4 cxd4 4. Nxd4 Nf6 5. Nc3 a6 6. Bg5 e6 7. f4 Nbd7 8. Qf3 Qc7 9. 0-0-0 b5 10. Bd3 Qb6 11. Rhe1 Bb7 12. Nd5 Qxd4 13. Bxf6 gxf6 14. Bxb5 Qc5 15. b4 Qxb5 16. Nc7+ Ke7 17. Nxb5 axb5 18. Qd3 Ra6 19. Qxb5 Rb6 20. Qc4 Bh6 21. g3 1-0

[Event "Moscow Victory Cup"]
[Site "Moscow"]
[Date "2007.05.06"]
[Round "4"]
[White "Trotsenko, Dmitriy M"]
[Black "Korostelev, Stanislav"]
[Result "1/2-1/2"]
[WhiteElo "2275"]
[BlackElo "2187"]
[PlyCount "31"]
[EventDate "2007.05.03"]
[EventType "swiss"]
[EventRounds "9"]
[EventCountry "RUS"]
[SourceTitle "EXT 2008"]
[Source "ChessBase"]
[SourceDate "2007.11.25"]
[SourceVersion "1"]
[SourceVersionDate "2007.11.25"]
[SourceQuality "1"]

1. d4 d5 2. c4 e6 3. Nc3 c5 4. e3 Nc6 5. Nf3 Nf6 6. a3 Ne4 7. Bd3 Nxc3 8. bxc3 Be7 9. Nd2 0-0 10. 0-0 Na5 11. cxd5 exd5 12. Bb2 Be6 13. Qe2 cxd4 14. cxd4 a6 15. Rfe1 Re8 16. e4 1/2-1/2

[Event "Moscow Region-ch"]
[Site "Dubna"]
[Date "2001.??.??"]
[Round "6"]
[White "Gromadin, Gleb"]
[Black "Trotsenko, Dmitriy M"]
[Result "1-0"]
[WhiteElo "2221"]
[BlackElo "2310"]
[PlyCount "45"]
[EventDate "2001.??.??"]
[EventType "swiss"]
[EventRounds "9"]
[EventCountry "RUS"]
[SourceTitle "EXT 2006"]
[Source "ChessBase"]
[SourceDate "2005.11.24"]
[SourceVersion "1"]
[SourceVersionDate "2005.11.24"]
[SourceQuality "1"]

1. c4 e5 2. Nc3 Nc6 3. g3 g6 4. Bg2 Bg7 5. e3 Nge7 6. Nge2 d6 7. d4 exd4 8. Nxd4 Nxd4 9. exd4 0-0 10. 0-0 Nf5 11. Be3 Re8 12. Qd2 Nxe3 13. fxe3 Bh6 14. Rae1 c6 15. Qf2 Re7 16. Kh1 Qe8 17. d5 c5 18. Nb5 Qd8 19. Qf6 a6 20. Nxd6 Bg7 21. Qf4 g5 22. Nxf7 Qf8 23. Nxg5 1-0

[Event "Moscow Region-ch"]
[Site "Dubna"]
[Date "2001.??.??"]
[Round "7"]
[White "Trotsenko, Dmitriy M"]
[Black "Burlachenko, Konstantin"]
[Result "0-1"]
[WhiteElo "2310"]
[BlackElo "2178"]
[PlyCount "46"]
[EventDate "2001.??.??"]
[EventType "swiss"]
[EventRounds "9"]
[EventCountry "RUS"]
[SourceTitle "EXT 2006"]
[Source "ChessBase"]
[SourceDate "2005.11.24"]
[SourceVersion "1"]
[SourceVersionDate "2005.11.24"]
[SourceQuality "1"]

1. e4 c5 2. Nf3 e6 3. d4 cxd4 4. Nxd4 a6 5. a4 b6 6. Bd3 Qc7 7. Bg5 Bb7 8. 0-0 h6 9. Bh4 Bd6 10. Bg3 Nf6 11. Qe2 Bxg3 12. hxg3 Nc6 13. c3 Ne5 14. Nd2 Nxd3 15. Qxd3 d5 16. exd5 Bxd5 17. b3 0-0 18. c4 Bb7 19. Rae1 Rad8 20. Qe3 Ng4 21. Qc3 Qc5 22. N2f3 Bxf3 23. Qxf3 Rxd4 0-1

[Event "RUS-Cup"]
[Site "Moscow"]
[Date "2000.??.??"]
[Round "8"]
[White "Potkin, Vladimir"]
[Black "Trotsenko, Dmitriy M"]
[Result "1/2-1/2"]
[WhiteElo "2471"]
[BlackElo "2325"]
[PlyCount "75"]
[EventDate "2000.??.??"]
[EventType "swiss"]
[EventRounds "9"]
[EventCountry "RUS"]
[SourceTitle "EXT 2001"]
[Source "ChessBase"]
[SourceDate "2000.11.22"]
[SourceVersion "1"]
[SourceVersionDate "2000.11.22"]
[SourceQuality "1"]

1. e4 c5 2. c3 d6 3. d4 Nf6 4. Bd3 Qb6 5. Ne2 g6 6. 0-0 Bg7 7. Na3 0-0 8. Bf4 Nfd7 9. Nc4 Qd8 10. Qd2 Re8 11. Bg5 Nf8 12. Bh6 Bh8 13. d5 Nbd7 14. a4 Nb6 15. Ne3 e6 16. a5 Nbd7 17. f4 Nf6 18. Bg5 c4 19. Bc2 Qc7 20. f5 exf5 21. exf5 Qc5 22. fxg6 Nxg6 23. Kh1 Re5 24. Bxf6 Qxe3 25. Qxe3 Rxe3 26. Nd4 Ne5 27. Bg5 Ng4 28. Bxe3 Nxe3 29. Rf2 Nxd5 30. Re1 Bg4 31. Nf5 Bxf5 32. Rxf5 Be5 33. Be4 Nf4 34. g3 Ne6 35. Bd5 Rc8 36. Ref1 Rc5 37. Bxe6 fxe6 38. Rg5+ 1/2-1/2